000 00566cam a2200193 4500500
005 20260405002257.0
041 _afre
042 _adc
100 1 0 _aRogé, Antoine
_eauthor
245 0 0 _aConfiture de roses atomiste de Lucrèce
260 _c2016.
500 _a68
690 _aConfiture
690 _aCuisine
690 _aLucrèce
690 _aRecette
786 0 _nPhilosophie magazine | 102 | 9 | 2016-09-01 | p. 79-79 | 1951-1787
856 4 1 _uhttps://shs.cairn.info/magazine-philosophie-magazine-2016-9-page-79?lang=fr&redirect-ssocas=7080
999 _c2056168
_d2056168